|
|
|
|
| LEADER |
00732nam a2200205Ia 4500 |
| 001 |
CTU_236096 |
| 008 |
210402s9999 xx 000 0 und d |
| 082 |
|
|
|a 895.922434
|
| 082 |
|
|
|b D121
|
| 245 |
|
0 |
|a Dân tộc thiểu số trong thơ ca Kon Tum (1945 - 1975) :
|
| 245 |
|
0 |
|b Nghiên cứu, phê bình văn học
|
| 245 |
|
0 |
|c Tạ Văn Sỹ (sưu tầm và biên soạn)
|
| 260 |
|
|
|a Hà Nội
|
| 260 |
|
|
|b Hội Nhà văn
|
| 260 |
|
|
|c 2019
|
| 650 |
|
|
|a Vietnamese literature,Văn học Việt Nam
|
| 650 |
|
|
|x History and criticism,Lịch sử và phê bình
|
| 650 |
|
|
|y 20th century,Thế kỷ 20
|
| 910 |
|
|
|b dqhieu
|
| 980 |
|
|
|a Trung tâm Học liệu Trường Đại học Cần Thơ
|